| 000 | 00702nam a2200253Ia 4500 | ||
|---|---|---|---|
| 003 | OSt | ||
| 005 | 20220925210151.0 | ||
| 006 | a|||||r|||| 00| 0 | ||
| 007 | ta | ||
| 008 | 220923b |||||||| |||| 00| 0 eng d | ||
| 020 | _a0256035350 | ||
| 037 | _cGeneral Book | ||
| 040 |
_aRTL _cRTL _beng |
||
| 041 |
_2eng _aeng |
||
| 082 | _aX9:89Q8, J2:M6 | ||
| 100 |
_aDungan Acheson J _9271987 |
||
| 245 | 0 | _aQuality control and industrial statistics | |
| 250 | _a5th | ||
| 260 |
_aIllinois _bIrwin _c1986 |
||
| 300 |
_axxiii, 1123p. Bib chapterwise _ccm. |
||
| 650 | _aQuality Control | ||
| 942 |
_hX9:89Q8, J2:M6 _cGB _2CC |
||
| 999 |
_c554270 _d554270 |
||